Państwa najbliżej Azerbejdżanu - Statystyki

Ogólne statystyki
  • Ten quiz został rozwiązany 254 razy
  • Średni wynik to 18 z 20
Statystyki odpowiedzi
km Państwo % Poprawnych
0 Rosja
100%
0 Armenia
99%
0 Iran
99%
0 Turcja
99%
0 Gruzja
98%
211 Irak
98%
1 085 Izrael
95%
329 Syria
94%
177 Turkmenistan
93%
466 Uzbekistan
92%
926 Arabia Saudyjska
91%
221 Kazachstan
91%
936 Liban
89%
952 Ukraina
88%
1 149 Afganistan
85%
864 Jordania
85%
976 Kuwejt
84%
1 373 Bułgaria
79%
1 026 Cypr
78%
1 324 Mołdawia
68%
Nie znaleziono quizów pasujących do podanych kryteriów
Rozkład punktacji
Procent ludzi z każdym wynikiem
Percentyl według liczby udzielonych odpowiedzi
Twoja historia wyników
Nie rozwiązałeś tego quizu